书目信息 |
| 题名: |
书店传奇
|
|
| 作者: | 钟芳玲 著 | |
| 分册: | ||
| 出版信息: | 北京 中央编译出版社 2017 |
|
| 页数: | 287页 | |
| 开本: | 25cm | |
| 丛书名: | ||
| 单 册: | ||
| 中图分类: | G239.1 | |
| 科图分类: | ||
| 主题词: | 书店--介绍--世界 | |
| 电子资源: | ||
| ISBN: | 978-7-5117-3324-5 | |
| 000 | 01388nam0 2200241 450 | |
| 001 | 5929 | |
| 005 | 20180530084034.29 | |
| 010 | @a978-7-5117-3324-5@b精装@dCNY139.00 | |
| 100 | @a20171018d2017 em y0chiy50 ea | |
| 101 | 0 | @achi |
| 102 | @aCN@b110000 | |
| 105 | @aa z 000yy | |
| 200 | 1 | @a书店传奇@9shu dian chuan qi@dTales of booklshops@f钟芳玲[著]@zeng |
| 210 | @a北京@c中央编译出版社@d2017 | |
| 215 | @a287页@c彩图@d25cm | |
| 314 | @a钟芳玲,女,曾任出版社总编辑、出版顾问、书店创意总监、香港国际古书展公开顾问、大学讲师等职,目前专事写作并任书业顾问,长期在报刊上撰写与书相关的专栏。著有“书话三部曲”《书店风景》、《书天堂》、《书店传奇》等。 | |
| 330 | @a本书以“书话三部曲”——《书店风景》《书天堂》《书店传奇》为华文世界打开一扇西方书世界之窗的书女钟芳玲,长期撰写“有关书之书”,她的每本著作都企图从知识、趣味、审美等多元角度谈论书之种种,详述书本、书人、书地背后的历史和故事,将“书”这一主题挥洒的淋漓尽致。本书是“书话三部曲” 中的《书店传奇》,讲述了在平凡书店中发现非凡、在非凡书店中发现平凡。每家书店无论规模小或者大、历史短或长,皆有一些属于它们独特的故事、一些让人感动的片段。它们可能发生在两百五十年历史的英国伦敦老店,也可能来自大楼角落不起眼的一件小事。 | |
| 510 | 1 | @aTales of booklshops@zeng |
| 606 | 0 | @a书店@x介绍@y世界 |
| 690 | @aG239.1@v5 | |
| 701 | 0 | @a钟芳玲@9zhong fang ling@4著 |
| 801 | 0 | @aCN@b91MARC@c20171018 |
| 905 | @aMuseLib@dG239.1@e101 | |
| 书店传奇=Tales of booklshops/钟芳玲[著].-北京:中央编译出版社,2017 |
| 287页:彩图;25cm |
| ISBN 978-7-5117-3324-5(精装):CNY139.00 |
| 本书以“书话三部曲”——《书店风景》《书天堂》《书店传奇》为华文世界打开一扇西方书世界之窗的书女钟芳玲,长期撰写“有关书之书”,她的每本著作都企图从知识、趣味、审美等多元角度谈论书之种种,详述书本、书人、书地背后的历史和故事,将“书”这一主题挥洒的淋漓尽致。本书是“书话三部曲” 中的《书店传奇》,讲述了在平凡书店中发现非凡、在非凡书店中发现平凡。每家书店无论规模小或者大、历史短或长,皆有一些属于它们独特的故事、一些让人感动的片段。它们可能发生在两百五十年历史的英国伦敦老店,也可能来自大楼角落不起眼的一件小事。 |
| ● |
| 相关链接 |
|
|
|
|
正题名:书店传奇
索取号:G239.1/101
 
预约/预借
| 序号 | 登录号 | 条形码 | 馆藏地/架位号 | 状态 | 备注 |
| 1 | 1115536 | 211155364 | 第一样本阅览室/ [索取号:G239.1/101] | 在馆 | |
| 2 | 1115537 | 211155373 | 教育系资料室/ [索取号:G239.1/101] | 在馆 |